000 00720nam a2200217 a 4500
001 000001820
005 20200929145721.0
008 090629s1979 sp a 001 0 spa d
020 _a8420615358
040 _aDO-SdBNP
082 _axxx
_bL913d
100 1 _aLowe, Gordon R.
_95918
245 1 3 _aEl desarrollo de la personalidad :
_bde la infancia a la senectud /
_cGordon R. Lowe.
260 _aMadrid :
_bAlianza Editorial,
_c1979.
300 _a303 p. :
_bil. ;
_c19 cm.
500 _aIncluye índice
500 _aIncluye notas al pie de páginas
504 _aIncluye referencias bibliográficas (p. 302-303)
534 _aTítulo original : The growth of personaltiy - from infancy to old age
049 _aBNPD
999 _c1697
_d1697